00676nam a22001097a 4500040000800000082002700008100004800035245042100083260001900504300002400523856001900547 cRUA aAED DOU 2015 B500 Or.1 aDOUNG KIMHOUR; ដួង គីមហួរ aThe study on economics efficiency of rainy season rice production in prey nhy commune, sompov meas district, pursat province, ការសិក្សាអំពីប្រសិទ្ធភាពសេដ្ឋកិច្ចលើផលិតកម្មដំណាំស្រូវវស្សានៅឃុំព្រៃញី ស្រុកសំពៅមាស ខេត្តពោធិ៍សាត់ aRUAbDOUc2015 ax,48p.bill.c29cm. u DOUNG KIMHOUR